[Event "Gausdal Int"]
[Site "Gausdal"]
[Date "1991.??.??"]
[Round "9"]
[White "Bologan, Viktor"]
[Black "Prasad, Devaki V"]
[Result "1-0"]
[WhiteElo "2535"]
[BlackElo "2420"]
[Annotator "Blatny,P"]
[PlyCount "39"]
[EventDate "1991.08.??"]
[EventType "swiss"]
[EventRounds "9"]
[EventCountry "NOR"]
[SourceTitle "CBM 025"]
[Source "ChessBase"]
[SourceDate "1991.12.01"]
[SourceVersion "1"]
[SourceVersionDate "1991.12.01"]
[SourceQuality "1"]

1. e4 c5 2. Nf3 e6 3. c4 {/\ 4.d4 --> Maroczy centre} d5 $6 4. cxd5 exd5 5.
exd5 Qxd5 6. Nc3 Qd8 7. d4 $36 cxd4 8. Nxd4 Nf6 9. Bb5+ Bd7 (9... Nbd7 10. O-O
Be7 11. Re1 O-O 12. Nf5 Bc5 13. Qf3 {/\->>>}) 10. O-O Be7 11. Qf3 $1 Bxb5 12.
Ncxb5 Qd7 {קb7,ץe7} (12... Qb6 13. Bf4 Na6 14. Rfe1 $40) 13. Bg5 O-O (13...
Nc6 14. Nf5 Ne5 15. Nxg7+ Kf8 16. Qf4 (16. Qf5 Kxg7 (16... Qxf5 17. Nxf5 $18) (
16... Qxb5 17. Bxf6 Bxf6 18. Qxf6 Rg8 19. Ne6+ $18) 17. Qxe5 $18) 16... Ng6 (
16... Qxb5 17. Bxf6 Ng6 18. Qd4 $18) 17. Qf5 $16 Kxg7 $140 $4 18. Bxf6+ $18)
14. Nf5 Bd8 (14... Qxb5 15. Nxe7+ Kh8 16. Bxf6 gxf6 17. Qxf6#) 15. Nbd6 Nc6 $8
16. Rad1 Ne5 $8 (16... Qc7 17. Bh6 $40) 17. Qh3 Kh8 18. Rfe1 Ng6 19. Qb3 {><b7}
b6 20. Qf3 (20. Qf3 Rb8 (20... Bc7 21. Nxg7 $18) 21. Nxg7 Kxg7 22. Nf5+ Kg8 (
22... Qxf5 23. Qxf5 $18) 23. Nh6+ Kg7 24. Bxf6+ Bxf6 25. Rxd7 $18) 1-0

[Event "Bern op"]
[Site "Bern"]
[Date "1992.??.??"]
[Round "3"]
[White "Klinger, Josef"]
[Black "Arakhamia Grant, Ketevan"]
[Result "0-1"]
[WhiteElo "2510"]
[BlackElo "2445"]
[Annotator "Blatny,P"]
[PlyCount "86"]
[EventDate "1992.02.??"]
[EventType "swiss"]
[EventRounds "9"]
[EventCountry "SUI"]
[SourceTitle "CBM 028"]
[Source "ChessBase"]
[SourceDate "1992.06.01"]
[SourceVersion "1"]
[SourceVersionDate "1992.06.01"]
[SourceQuality "1"]

1. e4 c5 2. Nf3 (2. c3 d5 3. exd5 Qxd5 4. d4 e6 5. Nf3 Nf6 6. Be3 Ng4 7. Bd3
Nxe3 8. fxe3 Nc6 9. O-O Be7 10. Nbd2 O-O 11. Ne4 b6 12. c4 Qh5 13. d5 Ne5 14.
d6 Bd8 15. Be2 Bb7 16. Ng3 Qh6 $15 {-->Klinger-Csom, B22}) 2... e6 3. c3 Nf6 4.
d3 {Hickl} (4. e5 {--> B22}) 4... Nc6 5. g3 (5. Be2 {/\0-0,Re1,Nbd2}) 5... d5
6. Nbd2 Be7 7. Bg2 dxe4 {><d3} 8. dxe4 Qd3 9. Bf1 Qd7 10. Bg2 b6 (10... Qd3 11.
Bf1 $10) 11. O-O Bb7 (11... Ba6 $5) 12. e5 Ng4 {קe5} 13. Qe2 h5 {/\Nh6-f5} 14.
Nc4 {<->d} (14. Rd1 $6 O-O-O $17 {צd1}) 14... O-O-O 15. h3 Nh6 16. Bg5 Nf5 (
16... Bxg5 $2 17. Nd6+ Kb8 18. Nxg5 {/\Rfd1+/-}) 17. Rfd1 Qc7 18. Bxe7 Qxe7 19.
g4 {/\19...Nh6 20.Nd6} hxg4 20. hxg4 b5 $1 $8 21. Rxd8+ Rxd8 22. Na3 Nh6 23.
Nxb5 (23. g5 $142 {/\Nxb5+/=/+/-}) 23... Nxg4 24. Nd6+ Kb8 25. Nxb7 Qxb7 26.
Qe4 {/^a8-h1} Nxf2 $5 (26... Nh6 $2 27. Ne1 {/\Nd3->}) 27. Kxf2 Qxb2+ 28. Kg3
Qxa1 29. Qxc6 Qxc3 30. a4 $6 (30. Qb5+ Kc7 $8 31. Qa6 Kb8 $8 32. Qb5+ $10 {
עb8:עg3}) 30... g5 31. Qe4 $2 (31. Qb5+) 31... Rd4 32. Qb1+ Kc8 33. Kh2 (33.
Qb5 g4 34. Qe8+ Kc7 35. Qxf7+ Rd7 36. Qxe6 gxf3 37. Bxf3 Rg7+ 38. Kf4 Qd2+ 39.
Ke4 Qd4+ 40. Kf5 Qd7 $19 {_|_}) 33... Rd8 34. Qb5 (34. Kg3 Qb4 $1 35. Qxb4 $8
cxb4 $19 {Pb _|_}) 34... g4 $1 $19 35. Nd2 (35. Qc6+ Kb8 36. Qb5+ Kc7 $19)
35... Qxe5+ 36. Kg1 Qe3+ 37. Kf1 Qf4+ 38. Kg1 Qe3+ 39. Kf1 Qf4+ 40. Kg1 Rxd2
41. Qe8+ Kc7 42. Qe7+ Kc8 43. Qe8+ Rd8 (43... Rd8 44. Qc6+ Qc7 45. Qa6+ Kd7 $19
) 0-1

[Event "Hastings 9293"]
[Site "Hastings"]
[Date "1992.??.??"]
[Round "9"]
[White "Nunn, John DM"]
[Black "Polgar, Judit"]
[Result "1-0"]
[WhiteElo "2595"]
[BlackElo "2575"]
[Annotator "Blatny,P"]
[PlyCount "55"]
[EventDate "1992.12.??"]
[EventType "tourn"]
[EventRounds "14"]
[EventCountry "ENG"]
[EventCategory "13"]
[SourceTitle "CBM 033"]
[Source "ChessBase"]
[SourceDate "1993.04.01"]
[SourceVersion "1"]
[SourceVersionDate "1993.04.01"]
[SourceQuality "1"]

1. e4 c5 2. Nf3 e6 (2... Nc6 3. d4 cxd4 4. Nxd4 Qb6 5. Nb3 Nf6 6. Nc3 e6 7. Bd3
a6 8. O-O (8. f4 d5 9. e5 Nd7 10. Qg4 a5 11. a4 Qb4 12. O-O Ncxe5 13. Qe2 Nxd3
14. Qxd3 Nc5 15. Qg3 Nxb3 16. cxb3 Bc5+ 17. Kh1 O-O 18. f5 exf5 19. Nxd5 Qg4
20. Qc7 Qd4 21. Be3 Qxd5 22. Bxc5 Re8 23. b4 Re2 24. Qg3 Be6 25. Rad1 f4 26.
Rxd5 fxg3 27. Rg5 axb4 28. Rxg3 b3 29. Bd4 g6 30. h3 h6 31. Bf6 {Wahls,
M-Polgar,J/Munich (06)/1991/0-1/44/}) (8. Qe2 d6 9. f4 Qc7 10. g4 h6 11. Be3 b5
12. a4 b4 13. Nd1 d5 14. Nf2 Bb7 15. O-O-O Na5 16. Nxa5 Qxa5 17. Bd4 Qxa4 18.
b3 Qa5 19. g5 hxg5 20. fxg5 Nd7 21. exd5 Bxd5 22. Be4 O-O-O 23. Bxd5 exd5 24.
Qg4 Kb7 25. Nd3 Qc7 26. h4 Nb8 27. Be5 Qd7 28. Qf4 Ka8 29. Bxb8 Rxb8 30. Ne5
Bd6 31. Rxd5 {Mokry,K-Polgar,J/Brno (3)/1991/1/2-1/2/33/}) 8... Qc7 9. Kh1 b5
10. f4 d6 11. Be3 Be7 12. a4 b4 13. Nb1 e5 14. N1d2 Ng4 15. Bg1 exf4 16. Rxf4
Nce5 17. Be2 h5 18. a5 Bg5 19. Rf1 Be3 20. Bxg4 Bxg4 21. Nf3 Bxg1 22. Kxg1
Nxf3+ 23. gxf3 Bh3 24. Rf2 O-O 25. Qd5 g6 26. Nd4 Rae8 27. Kh1 Re5 28. Qc6 Rxa5
29. Rd1 Rc8 30. Qxc7 Rxc7 31. Rfd2 {Anand,V-Polgar,J/Roquebrune 30' (14)/1992/
1/2-1/2/48/}) 3. d4 cxd4 4. Nxd4 Qb6 5. Nb3 (5. Nc3 $1 Bc5 6. Na4 $1 (6. Be3
Nc6 7. Na4 Qa5+ 8. c3 Bxd4 9. Bxd4 Nxd4 10. Qxd4 e5 11. Qb4 Qxb4 12. cxb4 Nf6
13. Nc3 d6 14. f3 Ke7 15. Kf2 Be6 16. Bd3 Rhd8 17. Rhe1 h6 18. Rad1 Rac8 19.
Bb1 Rc4 20. a3 Rc6 21. Rd2 g5 22. Ba2 Bxa2 23. Nxa2 Ne8 24. Nc3 Nc7 25. Red1 a6
26. Ne2 Ne6 27. Ke3 Rdc8 28. Nc3 Nd4 29. Rxd4 exd4+ 30. Kxd4 {Deshmukh,
A-Vaidya,AB/Calcutta (08)/1992/0-1/30/}) 6... Qa5+ 7. c3 $1 (7. Nc3 Qb6 8. Na4
Qa5+ 9. Nc3 Qb6 10. Na4 {Varga,Zo-Kveinys,A/Debrecen EU-chT (3) LIT-HU3/1992/1/
2-1/2/10/}) 7... Bxd4 8. Qxd4 Nf6 9. Nc5 Nc6 10. Qe3 O-O 11. Be2 Qb6 12. f3 d5
13. O-O e5 14. exd5 Nxd5 15. Qf2 Bf5 16. Bc4 Nce7 (16... Rad8 17. Bg5 f6 18.
Rad1 Nce7 19. Bc1 Qc6 20. Bb3 b6 21. Ne4 Be6 22. Qe2 a5 23. Qc4 Qxc4 24. Bxc4
Rc8 25. Bb3 Rfd8 26. c4 Nf4 27. Bxf4 exf4 28. Nd6 Rc5 29. Nb7 Rxd1 30. Rxd1 Re5
31. Rd6 {Dvoirys,S-Kveinys,A/Katowice op (04)/1992/1-0/92/}) 17. Bb3 Rfd8 18.
Re1 Qc7 19. Ne4 $14 {Sznapik,A-Kveinys,A/Manila olm/0-1/63/}) 5... Qc7 (5... d6
6. Bd3 Nf6 7. O-O Be7 8. Be3 Qc7 9. f4 Nc6 10. Nc3 Bd7 11. g4 h5 12. h3 hxg4
13. hxg4 g5 14. fxg5 Nh7 15. g6 fxg6 16. Nb5 Qb8 17. Bf4 Ng5 18. Kg2 Ne5 19.
Be2 Bc6 20. Bxg5 Bxg5 21. Qd4 Bxb5 22. Bxb5+ Ke7 23. Nd2 Qc7 24. Nc4 Raf8 25.
Rxf8 Rxf8 26. Nxe5 Qxc2+ 27. Kg1 dxe5 28. Qb4+ Kf7 29. Rf1+ Bf4 30. Rf2 Qd1+
31. Bf1 {Shetty,R-Vaidya,AB/Calcutta (10)/1992/0-1/33/}) (5... Qc6 6. Bd3 a6 7.
O-O b6 8. Qe2 d6 9. f4 Bb7 10. f5 Nf6 11. fxe6 fxe6 12. Nd4 Qd7 13. Nc3 b5 14.
e5 dxe5 15. Qxe5 Kf7 16. Bg5 Be7 17. Rae1 Nc6 18. Qxe6+ {Zakharov,
A-Kudishevich,D/Moscow op/1990/1-0/34/}) (5... Nc6 6. Nc3 a6 7. Be2 Nf6 8. Be3
Qc7 9. f4 b5 10. Bf3 d6 {Paglietti,N-Chekhova Kostina,T/Moscow op Winter/1991/
1-0/52/} 11. a3) 6. c4 $146 (6. Bd3 Nf6 7. O-O (7. Nc3 a6 8. f4 (8. a4 Bd6 9.
h3 Nc6 10. Be3 Bf4 11. Bxf4 Qxf4 12. a5 O-O 13. Qd2 Qc7 14. O-O d6 15. Qe3 Rb8
16. f4 b6 17. axb6 Qxb6 18. Qxb6 Rxb6 19. Kf2 e5 20. Ke3 exf4+ 21. Rxf4 Nb4 22.
Kd2 Nxd3 23. Kxd3 Be6 24. Nd4 Rxb2 25. Rxa6 Rd8 26. Nc6 Re8 27. Nd4 Rd8 28. Nc6
Re8 {Bocksberger,S-Bandza,A/Munich op9192 (05)/1992/1/2-1/2/29/}) 8... d6 9.
O-O Nbd7 10. a4 b6 11. Qe2 Bb7 12. Bd2 Be7 13. Rae1 O-O 14. e5 Nd5 15. Qh5 g6
16. Qh6 dxe5 17. fxe5 Nxe5 18. Nxd5 exd5 19. Bc3 Bd6 20. Nd4 Rae8 21. Re2 f6
22. Qh4 Qg7 23. Bd2 Bc5 24. Bc3 Re7 25. Kh1 Bc8 26. h3 Nxd3 27. cxd3 Rxe2 28.
Nxe2 Bf5 29. Nd4 Bd7 30. Nb3 g5 31. Qg3 {Umanaliyev,T-Kveinys,A/Manila olm (08.
08.3)/1992/0-1/49/}) 7... d5 8. Nc3 dxe4 9. Nxe4 Nxe4 10. Bxe4 Nd7 11. Nd4 (11.
Qd4 Bd6 12. Qxg7 Bxh2+ 13. Kh1 Be5 14. Qh6 Nf6 15. Bd3 Bd7 16. f4 Ng8 17. Qh5
Bg7 18. Nc5 Nf6 19. Qg5 Bc6 20. Qxg7 Rg8 21. Qxf6 Bxg2+ 22. Kh2 Qxc5 23. Qe5
Qe7 24. Bb5+ Kf8 25. Qh5 Bxf1 26. Bxf1 Rc8 27. c3 Rc5 28. Qh6+ Ke8 29. Be3 Rg6
30. Qxh7 Qf6 31. Bh3 {Torok,J-Kveinys,A/Budapest Spring op/1992/0-1/40/}) 11...
a6 12. Qe2 (12. b3 Nf6 13. Qd3 Bd6 14. Nf3 Nxe4 15. Qxe4 Bd7 16. h3 Bc6 17. Qe2
Bxf3 18. Qxf3 Qxc2 19. Qxb7 O-O 20. Be3 Be5 21. Rfc1 Qb2 22. Qe4 Qxa1 23. Rxa1
Bxa1 24. b4 e5 25. Bc5 Rfd8 26. Bb6 Re8 27. a4 h6 28. a5 Rab8 29. Qc4 Bd4 30.
Qc7 Rec8 31. Qa7 {Dobrovolsky,L-Kveinis,A/Rimavska Sobota (12)/1990/0-1/35/})
12... Nf6 13. Bf3 Bd6 14. h3 O-O 15. Bg5 e5 16. Bxf6 gxf6 17. Nb3 Kh8 18. Rfd1
f5 19. Bd5 Qe7 20. Na5 Rb8 21. Nc4 Bc7 22. Qh5 Qf6 23. c3 b5 24. Ne3 Qg6 25.
Qxg6 hxg6 26. Bb3 Kg7 27. Nd5 Bd8 28. Nb4 Bf6 29. Rd6 a5 30. Nd5 Bd8 31. Rd1 {
Lukin,A-Kveinis,A/Miedzybrodzie (09)/1991/0-1/51/}) (6. Nc3 a6 7. Bd3 b5 8. Bg5
Bb7 9. O-O Nf6 10. f4 b4 11. e5 bxc3 12. exf6 cxb2 13. Rb1 g6 14. Rxb2 h6 15.
Bh4 g5 16. fxg5 hxg5 17. Bg3 Bd6 18. Qg4 Bxg3 19. Qxg3 Qxg3 20. hxg3 Kd8 21.
Na5 Bc6 22. Nc4 Kc7 23. Ne5 Rf8 24. Rfb1 a5 25. Be2 Na6 26. Bf3 Bxf3 27. gxf3
Nc5 28. Rb5 d6 29. Nd3 Nd7 30. R1b3 Rfb8 31. Rc3+ {Hellers,F-Kveinys,A/Oslo (3)
/1992/1/2-1/2/58/}) 6... Nf6 7. Nc3 Bb4 (7... a6) 8. Bd2 Nc6 $6 (8... a6 $5 {
/\ 9...Nb8-c6} 9. a3 Be7 10. f4 d6 11. Bd3 {/\ 12.0-0, 13.Qd1-e2}) 9. Nb5 $1 {
/\ d6} Qf4 $5 (9... Qe5 $6 10. Bxb4 Nxb4 11. Qd2 $1 Nc6 (11... Qxe4+ 12. Be2
Qxg2 13. O-O-O $36) (11... Nxe4 12. Qxb4 Ng3+ 13. Kd1 Nxh1 14. Nd6+ Kf8 15.
Nxc8+ d6 16. Qxd6+ $16) 12. Nd6+) 10. Bxb4 Nxb4 11. f3 b6 $2 (11... a6 $1 12.
Nd6+ Ke7 13. c5 $1 b6 14. a3 Nc6 15. Qd3 bxc5 16. Rd1 Rb8 $13) (11... O-O $5
12. Qd2 Qxd2+ 13. Kxd2 $14) 12. Be2 a6 (12... O-O $142 13. Nd6 $14) 13. g3 Qe5
(13... Qb8 14. Nd6+ Ke7 15. e5 $36) 14. f4 Qxb2 15. Nd6+ $1 (15. Nc7+ $2 Kd8
16. Nxa8 Nc2+ 17. Kf2 Nxe4+ 18. Kg1 Nxa1 19. Nxa1 Nc3 $19) 15... Ke7 16. O-O {
/\ e4-e5, f4-f5} Nxa2 (16... Rd8 17. a3 Nc6 (17... Nc2 18. Rb1 Qc3 $8 19. e5
Ne8 20. Rf3 Ne3 21. Qd4 Qxd4 22. Nxd4 Ng4 23. Rd3 {<</+-}) 18. Qd3 $16) (16...
Ne8 17. e5 Qc2 18. Qe1 $16) 17. Rxa2 $1 (17. Bf3 $1 {Polgar,J /\ Rf1-f2} Nc3
18. Qd3 Qxb3 19. Rfb1 Qxb1+ 20. Rxb1 Nxb1 21. e5 $18) 17... Qxa2 18. e5 Qa3 (
18... Ne8 19. Bf3 (19. f5 $1 $36) 19... Rb8 20. c5 $1 (20. Nxe8 Kxe8 21. Qd6 $2
Qxb3 22. Qxb8 Qxc4 $17) 20... bxc5 21. Nxc5 {/^>>}) 19. exf6+ gxf6 20. c5 $1
Qa4 (20... bxc5 21. Nc4 Qb4 22. Qd6+ Ke8 23. Nxc5 $18) 21. Nc4 $18 Bb7 22. Nxb6
Qe4 23. Bf3 Qe3+ 24. Kg2 Be4 25. Qd6+ Ke8 26. Nxd7 {/\[]xf6#} Qe2+ 27. Kg1 Qe3+
28. Rf2 (28. Rf2 Qe1+ 29. Kg2 Bxf3+ 30. Rxf3 Qe2+ 31. Kh3 {/\[]xf6#}) 1-0

[Event "URS-chT Republics 19th Group1"]
[Site "Azov"]
[Date "1991.??.??"]
[Round "3"]
[White "Odeev, Ahmed"]
[Black "Rublevsky, Sergei"]
[Result "0-1"]
[WhiteElo "2365"]
[BlackElo "2420"]
[Annotator "Blatny,P"]
[PlyCount "106"]
[EventDate "1991.??.??"]
[EventType "team-tourn"]
[EventRounds "5"]
[EventCountry "URS"]
[SourceTitle "EXT 2020"]
[Source "ChessBase"]
[SourceDate "2019.10.17"]
[SourceVersion "1"]
[SourceVersionDate "2019.10.17"]
[SourceQuality "1"]
[WhiteTeam "Turkmenistan"]
[BlackTeam "Russia"]
[WhiteTeamCountry "TKM"]
[BlackTeamCountry "RUS"]

1. e4 c5 2. Nf3 e6 3. d4 cxd4 4. Nxd4 Nc6 5. Nxc6 (5. Nb5 d6 6. c4 Nf6 7. N1c3
a6 8. Na3 Be7 (8... b6 9. Be2 Bb7 10. O-O Nb8 11. f3 Be7 12. Be3 Nbd7 13. Qd2
O-O 14. Rfd1 Qc7 15. Rac1 Rac8 16. Kh1 {+/=/= Anand-Polgar,Zso, New Dehli 1990}
) 9. Be2 O-O 10. O-O b6 11. Be3 Ne5 {+/=/= Gallagher-Suetin, Hastings(op) 1991}
) 5... bxc6 6. Bd3 d5 7. O-O Nf6 8. e5 (8. Nd2 Be7 9. c4 O-O 10. Qc2 h6 11. b3
a5 12. a3 Ba6 13. Rb1 Nd7 14. cxd5 Bxd3 15. Qxd3 cxd5 16. exd5 $14 {
Kamsky-Ribli, Reggio-Emilia 1991}) 8... Nd7 9. Re1 Rb8 10. Nd2 Nc5 11. Bf1 Be7
12. Nb3 O-O 13. Be3 Nd7 14. Bxa7 (14. c4 Qc7 15. cxd5 exd5 (15... cxd5 $2 16.
Rc1 $16) 16. Bf4 Nc5 $1 $132) 14... Rb7 15. Bd4 c5 16. Bc3 Qc7 {קe5} (16... d4
17. Ba5) 17. Qh5 g6 18. Qh3 (18. Qh6 Re8 {/\Nf8}) 18... d4 19. Ba5 Qb8 (19...
Qc6 20. a4 {/\ 21.Bb5, Nd2-c4} (20. Bc4 Nb6 21. Bxb6 Rxb6 22. a4 $13) 20... Qd5
21. Bd3 $1 {/\Be4+/-}) 20. f4 Ra7 21. Rad1 Ba6 {קa2,Pb2} 22. c4 (22. a3 $2
Bxf1 23. Rxf1 (23. Kxf1 Qb5+ 24. Kg1 c4 $19 25. Nxd4 Qxa5) 23... c4 24. Nxd4
Rxa5 25. Nc6 Qb6+ $19) 22... Bb7 23. Rd3 (23. Qd3 Qa8 24. Qd2 Rc8 {/\Rc6-a6-/+}
) 23... Qa8 24. Qh6 Re8 25. Rh3 Nf8 26. Bd2 Rxa2 $17 27. Bc1 Rb8 28. g4 {
/\f5 ->>>} Be4 29. Nd2 Bc2 30. Bg2 Qa5 {/\ 31...Rxb2 32.Bb2 Qxd2 33... Rxb2 -+}
31. Rf1 Rbxb2 32. f5 {/\ 33.f6 34.Qg7#} (32. Bxb2 Qxd2 33. Bc1 Qxg2+ $3 34.
Kxg2 Be4+ 35. Kg1 Rg2+ 36. Kh1 Rg3+ 37. Rf3 Bxf3#) 32... exf5 33. Bxb2 Rxb2 34.
Bd5 Qd8 $1 {/\Bg5 -+} 35. Nf3 fxg4 36. Bxf7+ $8 Kxf7 37. Ng5+ Ke8 38. Ra3 Bf5
$19 39. Nxh7 Qb8 40. Nf6+ Kf7 41. Nxg4 Rb1 42. Raf3 Rxf1+ 43. Rxf1 Ke6 44. Qf4
Qb3 45. Ra1 Qxc4 46. Ne3 Qd3 47. Nd1 Nd7 48. Qh6 Nxe5 49. Nf2 Qc3 50. Ra6+ Kd5
51. Qh8 Nf3+ 52. Kh1 Qe1+ 53. Kg2 Nh4+ (53... Nh4+ 54. Kg3 Qe3#) 0-1

[Event "RUS-Cup4"]
[Site "Perm"]
[Date "1997.02.15"]
[Round "8"]
[White "Dvoirys, Semen I"]
[Black "Neverov, Valeriy"]
[Result "1-0"]
[WhiteElo "2590"]
[BlackElo "2530"]
[Annotator "Boensch,U"]
[PlyCount "97"]
[EventDate "1997.02.02"]
[EventType "swiss"]
[EventRounds "9"]
[EventCountry "RUS"]
[SourceTitle "CBM 058"]
[Source "ChessBase"]
[SourceDate "1997.06.01"]
[SourceVersion "1"]
[SourceVersionDate "1997.06.01"]
[SourceQuality "1"]

1. e4 c5 2. Nf3 e6 3. d4 cxd4 4. Nxd4 Qb6 5. c3 (5. Nb3 Qc7 6. Bd3 (6. Nc3 a6
7. Bd3 b5 8. Be3 Bb7 9. f4 Nf6 10. Qf3 b4 11. Ne2 d5 12. exd5 Bxd5 13. Qh3 Nbd7
$11 {Ginzburg,M-Garcia,R/ARG-ch Pena City 1996/1-0 (55)}) 6... Nf6 7. Nc3 (7.
O-O a6 8. f4 d6 9. c4 g6 10. Nc3 Bg7 11. Be3 Nbd7 12. a4 b6 13. a5 bxa5 14.
Rxa5 Rb8 15. Ra3 O-O 16. Qe2 Bb7 17. Rc1 {1/2-1/2 Matulovic,M-Zagorskis,D/
EUCup f 1996}) 7... a5 $2 {[%csl Yb5]} 8. a4 b6 9. Be3 Nc6 10. O-O $16 {
Nataf,I-Ivanov,M/Enghien 1997/1/2-1/2 (62)}) (5. Nb5 Bc5 6. Qf3 a6 7. N5c3 Nc6
8. Qg3 Nge7 9. Bd3 O-O 10. O-O Qd8 11. Nd2 Ng6 12. Nb3 Be7 13. a4 d5 14. f4
dxe4 15. Bxe4 Nb4 16. Qf2 f5 17. Bf3 Qc7 $132 {0-1 Dutreeuw,M-Christiansen,L/
Antwerpen 1993 (34)}) (5. Nc3 a6 6. a3 Ne7 7. Be3 Ng6 (7... Qxb2 $4 8. Na4 $18)
8. h4 Qc7 9. h5 Ne5 10. f4 Nec6 11. Nb3 d6 12. Qd2 Nd7 13. O-O-O $32 {Short,
N-Polgar,J/Novgorod 1996/1/2-1/2 (50)}) 5... Nc6 (5... a6 6. Be2 Qc7 7. f4 Bc5
8. O-O d6 9. Kh1 Nf6 10. Bf3 O-O 11. Qe1 e5 12. Nb3 Ba7 13. Qg3 Nbd7 14. Na3 b5
15. fxe5 dxe5 16. Bh6 Ne8 17. Nc2 Bb7 18. Rae1 Kh8 19. Be3 {1/2-1/2 Short,
N-Khalifman,A/Parnu-A 1996}) 6. Nd2 $5 $146 Nxd4 7. Nc4 Qc6 8. Qxd4 Nf6 9. e5
Bc5 10. Nd6+ (10. Qf4 Qe4+ 11. Qxe4 Nxe4 12. Be3 Bxe3 13. Nxe3 $14) 10... Bxd6
(10... Qxd6 11. Qxd6 Bxd6 12. exd6 $14) 11. exd6 O-O 12. Bf4 Nd5 13. Bg3 b5 (
13... f5 $2 {wird immer mit} 14. Be5 {beantwortet.}) 14. Be2 Bb7 15. Bf3 Rfc8
16. O-O a5 17. a4 {Der Auftakt zu einem schwer zu beurteilenden Endspiel mit
ungleichen B.} b4 18. cxb4 axb4 19. b3 Qc3 20. Be5 f6 21. Qxc3 (21. Qxd5 $2
Bxd5 22. Bxc3 bxc3 $17) 21... bxc3 22. Bd4 e5 23. Bb6 $1 f5 24. Bxd5+ Bxd5 25.
b4 Rc4 26. Bc5 Kf7 27. a5 Be4 $6 (27... c2) 28. f3 Bd3 29. Rfc1 c2 30. Ra3 e4
31. Kf2 Ke6 32. Ke3 {Weder jetzt noch später sieht Weiß die Notwendigkeit auf
d3 zu opfern.} Kd5 {Schwarz sieht es genauso und verzichtet darauf auf c5 zu
schlagen.} 33. a6 g5 34. a7 f4+ $2 {Langsam gerät Schwarz auf Abwege. Nach dem
Textzug, steht der schwarze B nicht mehr so fest auf d3, wie vorher.} 35. Kd2
h5 36. Rc3 g4 37. Re1 Rxc3 38. Kxc3 h4 $2 {In Zeitnot möchte der Nachziehende
durch ein doppeltes P-opfer zwei verbundene Freibauern bilden. Er muß aber
bald erkennen, daß sie Ihm nichts nützen.} 39. fxg4 h3 $2 40. gxh3 Ke6 41. h4
Kd5 42. h5 Be2 43. Kxc2 Bxg4 44. Rg1 Bf3 45. Rg7 e3 46. Rf7 Be4+ 47. Kc3 e2 48.
Kd2 f3 49. Rxd7 1-0

[Event "Rotherham m"]
[Site "Rotherham"]
[Date "1997.03.23"]
[Round "6"]
[White "Hodgson, Julian M"]
[Black "Rowson, Jonathan"]
[Result "1-0"]
[WhiteElo "2560"]
[BlackElo "2445"]
[Annotator "Boensch,U"]
[PlyCount "79"]
[EventDate "1997.03.17"]
[EventType "match"]
[EventRounds "6"]
[EventCountry "ENG"]
[SourceTitle "CBM 058"]
[Source "ChessBase"]
[SourceDate "1997.06.01"]
[SourceVersion "1"]
[SourceVersionDate "1997.06.01"]
[SourceQuality "1"]

1. e4 c5 2. Nf3 e6 3. b3 Nf6 4. e5 (4. Nc3 Nc6 5. Bb5 Qc7 6. O-O Be7 7. Re1 O-O
8. Bb2 d6 9. Bxc6 Qxc6 10. e5 dxe5 11. Nxe5 Qc7 12. Nb5 Qd8 13. Nc3 Qc7 14. Nb5
Qd8 15. Nc3 Qc7 16. Nb5 Qd8 {1/2-1/2 Karanikolas,D-Tsorbatzoglou,T/GRE-chT
Athens 1996}) 4... Nd5 5. c4 Nb4 (5... Ne7 6. Bb2 Nbc6 7. g3 Nf5 8. Bh3 Be7 9.
Bxf5 exf5 10. O-O O-O 11. d4 cxd4 12. Nxd4 f4 13. Nf5 (13. gxf4 $44) 13... d5
14. Nxe7+ Nxe7 15. Ba3 Re8 16. Bxe7 Qxe7 17. Qxd5 Bf5 $44 {Kozel,R-Neverov,V/
Yalta op 1996/1/2-1/2 (43)}) 6. Bb2 b6 $5 (6... Be7 7. a3 N4c6 8. Bd3 (8. Nc3
d6 9. exd6 Bxd6 10. Ne4 e5 11. b4 Bf5 12. Nxc5 Bxc5 13. bxc5 Nd7 14. d4 exd4
15. Nxd4 Qa5+ 16. Qd2 Qxd2+ 17. Kxd2 Nxd4 18. Bxd4 O-O $11 {1/2-1/2 Mortensen,
E-Horvath,T/Copenhagen op 1987 (38)}) 8... d6 9. exd6 Qxd6 10. Bc2 O-O 11. O-O
f5 12. Qe2 Bf6 13. Bxf6 Rxf6 14. Nc3 $11 {0-1 Armstrong,M-Motwani,P/Hastings
Challengers 1991 (28)}) (6... d6 7. exd6 Qxd6 8. d4 cxd4 9. Nxd4 N8c6 10. Nb5
Qxd1+ 11. Kxd1 Na6 12. Nd2 f6 13. Ne4 $14 {Khavsky,S-Krishilovsky,A/RUS-Cup1
Chigorin-mem 1996/0-1 (44)}) 7. a3 N4c6 8. Nc3 d6 9. exd6 Bxd6 10. d4 cxd4 11.
Nxd4 O-O 12. Nf3 ({Nach} 12. Ndb5 $6 Be5 {gerät der Nb5 in Schwierigkeiten.})
12... Bb7 13. Nb5 Bf4 14. Qc2 Nd7 15. Rd1 Qe7 16. Bd3 f5 17. Qe2 a6 18. Nbd4
Nxd4 19. Nxd4 Ne5 20. Bb1 Rad8 21. f3 (21. O-O Qg5 22. f3 (22. g3 $2 Rxd4 $19)
22... Qh6 23. h3 Qg6 $40 {[%csl Rf2,Rg3,Rh2]}) 21... Qh4+ 22. Qf2 Qh6 23. Ke2 {
Um das Feld e3 zu decken, nimmt der K bereits im Mittelspiel am Kampf teil.
Weiß hat bereits ernste Sorgen.} Bg5 $6 (23... Rd6 {gefolgt von der
Turmverdoppelung kam in Betracht.}) 24. h4 $1 {Die aktiven schwarzen Figuren
werden zurückgedrängt.} (24. Nxf5 $4 exf5 25. Bxe5 Rde8 $19) 24... Be7 25. Qe3
Qg6 $6 (25... Qxe3+ 26. Kxe3 Rd6 $11) 26. Kf2 Bd6 27. Qg5 Qf7 {Die folgende
Abwicklung sichert dem Anziehenden einigen Vorteil.} 28. Nxf5 $1 exf5 29. Bxe5
Be7 30. Qf4 Rxd1 31. Rxd1 Bxa3 32. Bd6 $1 {Der Abtausch der schwarzfeldrigen B
sichert den weißen K und schwächt die schwarzen Damenflügelbauern.} Bxd6 (32...
Rd8 $4 33. Bxa3 Rxd1 34. Qb8+ $18) 33. Rxd6 b5 $6 ({Nach} 33... Qc7 {kann
Schwarz stärkeren Wiederstand leisten.}) 34. c5 $1 a5 (34... Qxb3 35. Bxf5 Kh8
(35... Qf7 36. Be6 $1 Qxe6 37. Qxf8+ Kxf8 38. Rxe6 $18) 36. Qe5 {Die Aktivität
der weißen Figuren entscheidet die Partie rasch zu seinen Gunsten.}) 35. Qd4
Bc8 $8 36. Bc2 f4 37. Qd5 Qxd5 38. Rxd5 Bb7 39. Rd7 Rf7 $4 (39... Bc6 40. Rc7
Bd5 41. h5 $16) 40. Rd8+ (40. Rd8+ Rf8 41. Bxh7+ Kxh7 (41... Kf7 42. Rd7+ $18)
42. Rxf8 $18) 1-0